000 00671cam a22002413a 4500
001 1219
003 PGUSA
005 20140828082958.0
008 980201s1998||||xxu|||||s|||||000 | eng d
040 _aPGUSA
_beng
042 _adc
050 4 _aPN
100 1 _aMeredith, George,
_d1828-1909
245 1 3 _aAn Essay on Comedy and the Uses of the Comic Spirit
_h[electronic resource] /
_cGeorge Meredith
260 _bProject Gutenberg,
_c1998
506 _aPublic domain in the USA.
516 _aElectronic text
653 _aComedy
653 _aComic, The
830 0 _aProject Gutenberg
_v1219
856 4 0 _uhttp://www.gutenberg.org/ebooks/1219
942 _cEB
999 _c230567
_d230567